Zásoby vlastnej výroby v účtovníctve vybranej účtovnej jednotky bakalárska práca

Na minha lista:
Detalhes bibliográficos
Autor principal: Fedin, Dmytro
Autor Corporativo: Fakulta hospodárskej informatiky EU. Katedra účtovníctva a audítorstva
Outros Autores: Matuský, Tomáš
Formato: Livro
Idioma:eslovaco
Publicado em: Bratislava 2019
Tags: Adicionar Tag
Sem tags, seja o primeiro a adicionar uma tag!

MARC

LEADER 00000nbm a2200000 4500
001 0257908
005 20191219120638.1
041 0 |a slo 
044 |a SK 
245 1 0 |a Zásoby vlastnej výroby v účtovníctve vybranej účtovnej jednotky  |b bakalárska práca  |c Dmytro Fedin ; školiteľ: Tomáš Matuský 
264 1 |a Bratislava  |c 2019 
300 |a 45 s. 
100 1 |a Fedin, Dmytro 
700 1 |a Matuský, Tomáš 
710 2 |a Fakulta hospodárskej informatiky EU. Katedra účtovníctva a audítorstva